| 000 | 003370000a22001090004500 | ||
|---|---|---|---|
| 090 |
_aAS _bSeriadas |
||
| 245 | 1 | 0 | _aCangrejos Xántidos asociados a formaciones rocosas en la zona sur del Pacífico colombiano |
| 041 | 0 | _aEspañol | |
| 100 | 1 |
_aPrahl, Henry von _93651 |
|
| 942 | _cARTICULO | ||
| 773 | 1 |
_tCespedesia _3124 _h41-42 _q69-82 _d1982 _g11 |
|
| 999 |
_c15071 _d15071 |
||